| 000 | 00542nam a22001817a 4500 | ||
|---|---|---|---|
| 005 | 20251108172552.0 | ||
| 008 | 250721s9999 xx 000 0 ara d | ||
| 082 | 1 | 4 | _a923.173موس |
| 100 | 1 | _aموسى، رؤوف سلامة | |
| 245 | 1 | 0 | _aآبراهام لينكولن : عن دراسات توماس ... / |
| 264 | 1 |
_aبيروت : _bمكتبة المعارف، |
|
| 300 | _a87 ص | ||
| 650 | 1 | 7 | _aرؤساء الدول |
| 650 | 1 | 7 | _aالتراجم |
| 650 | 1 | 7 | _aالولايات المتحدة |
| 942 |
_2ddc _cBK |
||
| 999 |
_c82791 _d82791 |
||